Fünfer Paare # 2 - Statistiken

Allgemein
  • Dieses Quiz wurde 171 mal gespielt
  • Das Durchschnittsergebnis liegt bei 6 aus 12
Antwortstatistiken
Hint Antwort % Korrekt
Brandenburg, Mecklenburg-Vorpommern, Sachsen-Anhalt, Thüringen Sachsen
95%
a, i, o, u e
94%
Daumen, Zeigefinger, Mittelfinger, Ringfinger kleiner Finger
91%
Was ist passiert? Wie viele Betroffene / Verletzte? Welche Art der Verletzung? Warten auf Rückfragen. Wo ist es passiert?
72%
USA, Russland, Frankreich, Großbritannien - Vetorecht UN China
70%
Freude, Wut, Traurigkeit, Angst - Alles steht Kopf Ekel
38%
Troposphäre, Mesosphäre, Thermosphäre, Exosphäre Stratosphäre
38%
Exposition,Steigende Handlung Fallende Handlung Katastrophe Höhepunkt / Peripetie
36%
Melanie Brown, Emma Bunton, Melanie Chisholm, Geri Halliwell Victoria Beckham
28%
Genesis, Exodus, Leviticus, Numeri Deuteronomium
20%
Dick, Anne, George, Timmy - 5 Freunde Julian
17%
Jackie, Jermaine, Marlon, Michael - Jackson 5 Tito
7%
Keine übereinstimmenden Quizze gefunden
Verteilung der Resultate
Anzahl Personen mit jedem Resultat
Perzentil nach korrekt beantworteten Fragen
Ihre Resultats-Entwicklung
Sie haben dieses Quiz noch nicht gespielt